Statistiques concernant Pays ayant rejoint les Alliés durant la Seconde Guerre mondiale

Cliquez ici pour prendre le quiz!

Statistiques générales

  • Ce quiz a été pris 62 fois
  • Le résultat moyen est 38 sur 58

Statistiques - réponses

DatePays% Correct
8 Décembre 1941États-Unis
96%
3 Septembre 1939Royaume-Uni
96%
3 Septembre 1939France
92%
10 Mai 1940Belgique
91%
10 Mai 1940Pays-Bas
91%
10 Septembre 1939Canada
89%
7 Juillet 1937Chine
89%
9 Avril 1940Norvège
89%
1 Septembre 1939Pologne
89%
4 Mars 1945 (De Facto depuis la guerre de Laponie)Finlande
87%
22 Août 1942Brésil
85%
27 Mars 1945Argentine
83%
3 Septembre 1939Australie
83%
28 Octobre 1940Grèce
83%
22 Mai 1942Mexique
83%
13 Octobre 1943Royaume d’Italie
83%
22 Juin 1941URSS
83%
9 Avril 1940Danemark
81%
3 Septembre 1939Nouvelle-Zélande
81%
23 Février 1945Turquie
79%
11 Avril 1945Chili
77%
10 Mai 1940Luxembourg
77%
23 Août 1944Royaume de Roumanie
74%
15 Février 1945Uruguay
74%
6 Mai 1941Yougoslavie
72%
12 Février 1942Pérou
68%
15 Février 1945Venezuela
68%
26 Novembre 1943Colombie
66%
2 Février 1945Équateur
66%
9 Septembre 1943Iran
66%
7 Février 1945Paraguay
66%
6 Septembre 1939Union d’Afrique du Sud
66%
Mars 1945Arabie Saoudite
64%
7 Avril 1943Bolivie
64%
9 Décembre 1941Cuba
64%
8 Septembre 1944Royaume de Bulgarie
64%
8 Décembre 1941Honduras
62%
8 Décembre 1941Salvador
62%
10 Décembre 1941 (gouvernement en exil)Corée
60%
17 Janvier 1943Irak
60%
7 Décembre 1941Panamá
60%
9 Décembre 1941 (gouvernement en exil)Tchécoslovaquie
58%
8 Décembre 1941Costa Rica
57%
9 Août 1945Mongolie
55%
26 Octobre 1944Albanie
53%
1 Décembre 1942Éthiopie
51%
9 Décembre 1941Guatemala
51%
8 Décembre 1941Nicaragua
51%
8 Décembre 1941Haïti
43%
26 Février 1945Syrie
42%
27 Février 1945Liban
40%
8 Décembre 1941République Dominicaine
40%
21 Septembre 1944Saint-Marin
36%
4 Septembre 1939Népal
32%
27 Janvier 1944Libéria
25%
25 Juin 1941Tannou-Touva
6%
2 Février 1945Bahawalpur
2%
26 Février 1945Royaume d’Egypte
2%

Distribution des résultats

Percentile par nombre de réponses

% des personnes avec chaque résultat

Votre développement - résultats

Vous n’avez pas pris ce quiz